At the Owl Woman Saloon / (Запис № 470720)
[ простий вигляд ]
| 000 -LEADER | |
|---|---|
| fixed length control field | 02210cam a2200409 a 4500 |
| 001 - CONTROL NUMBER | |
| control field | atowlwomansaloon00gall |
| 003 - CONTROL NUMBER IDENTIFIER | |
| control field | CaSfIA |
| 005 - DATE AND TIME OF LATEST TRANSACTION | |
| control field | 20210117190022.0 |
| 007 - PHYSICAL DESCRIPTION FIXED FIELD--GENERAL INFORMATION | |
| fixed length control field | cr|||| |
| 008 - FIXED-LENGTH DATA ELEMENTS--GENERAL INFORMATION | |
| fixed length control field | 970122s1997 nyu 000 1 eng |
| 010 ## - LIBRARY OF CONGRESS CONTROL NUMBER | |
| LC control number | 97001399 |
| 040 ## - CATALOGING SOURCE | |
| Original cataloging agency | DLC |
| Transcribing agency | DLC |
| Modifying agency | C#P |
| -- | CPP |
| -- | FIT |
| -- | NLGGC |
| -- | YDXCP |
| -- | BTCTA |
| -- | XFG |
| -- | CaSfIA |
| 020 ## - INTERNATIONAL STANDARD BOOK NUMBER | |
| International Standard Book Number | 0684826933 |
| 020 ## - INTERNATIONAL STANDARD BOOK NUMBER | |
| International Standard Book Number | 9780684826936 |
| 035 ## - SYSTEM CONTROL NUMBER | |
| System control number | (OCoLC)36301369 |
| 050 00 - LIBRARY OF CONGRESS CALL NUMBER | |
| Classification number | PS3557.A41156 |
| Item number | A92 1997 |
| 082 00 - DEWEY DECIMAL CLASSIFICATION NUMBER | |
| Classification number | 813/.54 |
| Edition number | 21 |
| 084 ## - OTHER CLASSIFICATION NUMBER | |
| Classification number | 18.06 |
| Source of number | bcl |
| 029 1# - (OCLC) | |
| OCLC library identifier | NLGGC |
| System control number | 156094630 |
| 029 1# - (OCLC) | |
| OCLC library identifier | YDXCP |
| System control number | 1350352 |
| 029 1# - (OCLC) | |
| OCLC library identifier | NZ1 |
| System control number | 3350484 |
| 029 1# - (OCLC) | |
| OCLC library identifier | AU@ |
| System control number | 000013038023 |
| 100 1# - MAIN ENTRY--PERSONAL NAME | |
| Personal name | Gallagher, Tess. |
| 245 10 - TITLE STATEMENT | |
| Title | At the Owl Woman Saloon / |
| Medium | [electronic resource] |
| Statement of responsibility, etc | Tess Gallagher. |
| 260 ## - PUBLICATION, DISTRIBUTION, ETC. (IMPRINT) | |
| Place of publication, distribution, etc | New York : |
| Name of publisher, distributor, etc | Scribner, |
| Date of publication, distribution, etc | c1997. |
| 300 ## - PHYSICAL DESCRIPTION | |
| Extent | 234 p. ; |
| Dimensions | 21 cm. |
| 505 0# - FORMATTED CONTENTS NOTE | |
| Formatted contents note | The red ensign -- I got a guy once -- Venison pie -- To dream of bears -- The leper -- Creatures -- She who is untouched by fire -- A box of rocks -- Coming and going -- My gun -- Mr. Woodriff's neckties -- Rain flooding your campfire -- The mother thief -- A glimpse of the Buddha -- The poetry baron -- The woman who prayed. |
| 520 ## - SUMMARY, ETC. | |
| Summary, etc | Sixteen stories, mostly set on the West Coast. In My Gun, a woman meditates on the pros and cons of a gun for her protection, in The Leper a woman on the telephone attempts to dissuade a friend from suicide, and Mr. Woodruff's Neckties is on the last days of a man dying from cancer. |
| 530 ## - ADDITIONAL PHYSICAL FORM AVAILABLE NOTE | |
| Additional physical form available note | Also issued online. |
| 506 ## - RESTRICTIONS ON ACCESS NOTE | |
| Standardized terminology for access restriction | Необхідна авторизація на https://archive.org/ (створення облікового запису безкоштовно) |
| 506 ## - RESTRICTIONS ON ACCESS NOTE | |
| Standardized terminology for access restriction | Необхідна авторизація на https://openlibrary.org/ (створення облікового запису безкоштовно) |
| 650 #0 - SUBJECT ADDED ENTRY--TOPICAL TERM | |
| Topical term or geographic name as entry element | Short stories. |
| 856 41 - ELECTRONIC LOCATION AND ACCESS | |
| Uniform Resource Identifier | <a href="http://www.archive.org/details/atowlwomansaloon00gall">http://www.archive.org/details/atowlwomansaloon00gall</a> |
| Public note | Free eBook from the Internet Archive |
| 856 42 - ELECTRONIC LOCATION AND ACCESS | |
| Uniform Resource Identifier | <a href="http://www.openlibrary.org/books/OL656321M">http://www.openlibrary.org/books/OL656321M</a> |
| Public note | Additional information and access via Open Library |
| 942 ## - ADDED ENTRY ELEMENTS (KOHA) | |
| Koha item type | ЕКнига |
Немає доступних примірників.